000 00973cab a2200265 4500
001 ABS58094
008 090401t1997 xxu||||| |||| 00| 0 eng d
035 _a(Sirsi) u82778
041 _aeng
100 _aFraser, M.
245 _aTightening up the green belt debate
260 _c1997
350 _a0
490 _aProperty Week
_v61(11) 12 December 1997, 20(1)
520 _aConsiders government policy and the debate over where to build the projected 4.4m new homes required by 2016. Fifty per cent is likely to be built on previously undeveloped land. Considers whether this will put pressure on green belt which only occupies 12% of land in England.
650 _aGREEN BELT DEVELOPMENT
650 _aGREEN BELT POLICY
650 _aHOUSING DEVELOPMENT
650 _aHOUSING NEED
650 _aPLANNING POLICY GUIDANCE NOTE 2 (GREEN BELTS)
650 _aSTRUCTURE PLANS
690 _aPLANNING LAW AND PRACTICE
942 _n0
948 _c18/12/1997
999 _c52284
_d52284